Fictional Characters of the World Quiz Stats

 Plays Quiz Updated May 27, 2019

Score 0/24 Timer 06:00
7 Plays Today
% Correct
UK
Scrooge
84.6%
Russia
Anna Karenina
83.8%
United States
Tonto
82.2%
China
Mulan
81.5%
Spain
Quixote
73.7%
Mexico
Miguel
72.4%
France
Athos
68.5%
India
Mowgli
65%
Australia
Mad Max
63.7%
Madagascar
King Julien
62.9%
Canada
Wolverine
61.1%
Japan
Sailor Moon
60.1%
% Correct
Germany
Faust
55.4%
Egypt
Sallah
47.5%
South Africa
Wikus
46.8%
Belgium
Poirot
45.8%
Sweden
Longstocking
42.2%
Cuba
Montana
39.2%
Switzerland
William Tell
32.7%
Darkest Peru
Paddington
31.3%
Afghanistan
Amir
28.4%
Colombia
Buendía
21.6%
Nigeria
Okonkwo
19.8%
Iraq
Sayid
19.1%

You're not logged in!

Compare scores with friends on all Sporcle quizzes.
OR
Log In

Sporcle TV

Today on Sporcle TV


Watch our educational content, quiz creation guides, and fun videos on Sporcle TV.

Show Comments

Extras

Top Quizzes Today


Score Distribution

Your Account Isn't Verified!

In order to create a playlist on Sporcle, you need to verify the email address you used during registration. Go to your Sporcle Settings to finish the process.

Report this User

Report this user for behavior that violates our Community Guidelines.

Details: